000 00923nam a2200277 4500
003 OSt
005 20260530115313.0
008 260423b2004 sp a|||| |||| 00| 0 spa d
040 _aICI
_bspa
_cICI
050 _aNA7115
_bD57 2004
110 2 _aLoft Publications
_933072
245 1 0 _aDiseño de lofts /
_cLoft Publications
264 1 _bLoft Publications,
_c2004
_aBarcelona :
300 _a61 páginas
_bilustraciones a color ;
_c30 cm
336 _atexto
_2rdacontent
337 _asin medio
_2rdamedia
338 _avolumen
_2rdacarrier
500 _aObra ilustrada sobre diseño y adaptación de espacios tipo loft
650 _aVivienda colectiva
_xDiseño
_933073
650 _aApartamentos tipo loft
_933074
650 _aArquitectura de interiores
650 _aDiseño de interiores
_xViviendas
_933076
650 _aEspacios habitacionales
_933077
655 _2local
_aLibros ilustrados
942 _2lcc
_cBK
_n1
999 _c13438
_d13438